Miscelánea literaria (Record no. 160831)

MARC details
000 -LEADER
campo de control de longitud fija 01458nam a2200289 i 4500
001 - NÚMERO DE CONTROL
campo de control 160831
003 - IDENTIFICADOR DE NÚMERO DE CONTROL
campo de control ES-MaACL
005 - FECHA Y HORA DE LA ÚLTIMA TRANSACCIÓN
campo de control 20250715042759.0
008 - DATOS DE LONGITUD FIJA--INFORMACIÓN GENERAL
campo de control de longitud fija 950206s1886 sp a |||| | spa d
080 ## - NÚMERO DE LA CLASIFICACIÓN DECIMAL UNIVERSAL
Número de la Clasificación Decimal Universal 821.134.2-82"18"
100 1# - ENTRADA PRINCIPAL--NOMBRE DE PERSONA
Nombre de persona Núñez de Arce, Gaspar,
Fechas asociadas al nombre 1834-1903
9 (RLIN) 223411
245 10 - MENCIÓN DEL TÍTULO
Título Miscelánea literaria
Resto del título : cuentos, artículos, relaciones y versos /
Mención de responsabilidad, etc. Gaspar Nuñez de Arce ; ilustración de F. Xumetra.
260 ## - PUBLICACIÓN, DISTRIBUCIÓN, ETC.
Lugar de publicación, distribución, etc. Barcelona :
Nombre del editor, distribuidor, etc. Daniel Cortezo y Cª,
Fecha de publicación, distribución, etc. 1886.
300 ## - DESCRIPCIÓN FÍSICA
Extensión 428 p. :
Otras características físicas il. ;
Dimensiones 21 cm.
490 1# - MENCIÓN DE SERIE
Mención de serie Biblioteca "Arte y letras"
505 0# - NOTA DE CONTENIDO CON FORMATO
Nota de contenido con formato Las aventuras de un muerto (cuento fantástico) ; Inauguración del canal del Ebro ; Recuerdos de la guerra de África ; El primer mes de otoño ; Sancho Gil (cuento fantástico) ; Discurso de recepción leído ante la Real Academia Española (21 de mayo de 1876) ; Versos perdidos
530 ## - NOTA DISPONIBLE DE FORMULARIO FÍSICO ADICIONAL
Nota de formato físico adicional disponible Disponible en formato digital.
650 00 - PUNTO DE ACCESO ADICIONAL DE MATERIA--TÉRMINO DE MATERIA
Término de materia o nombre geográfico como elemento de entrada Guerra hispano-marroquí, 1859-1860-
Subdivisión de forma Relatos personales.
9 (RLIN) 13210
651 #4 - PUNTO DE ACCESO ADICIONAL DE MATERIA--NOMBRE GEOGRÁFICO
Nombre geográfico Canal Imperial de Aragón.
9 (RLIN) 169494
700 1# - ENTRADA AGREGADA--NOMBRE PERSONAL
Nombre de persona Xumetra, F.
9 (RLIN) 117524
740 02 - ENTRADA AGREGADA--TÍTULO RELACIONADO/ANALÍTICO NO CONTROLADO
Título relacionado o analítico no controlado Recuerdos de la guerra de África.
740 02 - ENTRADA AGREGADA--TÍTULO RELACIONADO/ANALÍTICO NO CONTROLADO
Título relacionado o analítico no controlado Discurso de recepción leído ante la Real Academia Española (21 de mayo de 1876)
830 10 - PUNTO DE ACCESO ADICIONAL DE SERIE-TÍTULO UNIFORME
Título uniforme Biblioteca "Arte y letras"
9 (RLIN) 180874
852 ## - LOCALIZACIÓN
Ubicación ES-MaACL
Número de control de estantería B-699
Nota libre - Enc. tela
856 ## - LOCALIZACIÓN Y ACCESO ELECTRÓNICOS
Identificador Uniforme de Recursos <a href="http://bdh-rd.bne.es/viewer.vm?id=0000039350&page=1 ">http://bdh-rd.bne.es/viewer.vm?id=0000039350&page=1 </a>
Nota pública Biblioteca Digital Hispánica
Holdings
Estatus retirado Estado de pérdida Estado de daño No para préstamo Colección Biblioteca de origen Biblioteca actual Ubicación en estantería Fecha de adquisición Fuente de adquisición Total de préstamos Signatura topográfica completa Código de barras Visto por última vez Precio de reemplazo Tipo de ítem Koha
        Colección digital Biblioteca del Ateneo de Madrid Biblioteca del Ateneo de Madrid Sala Pardo Bazán 17/01/2008     B-699 1168425 23/02/2023 23/02/2023 Libro impreso antiguo